LOST - Who Killed Who Quiz Stats

 Plays Quiz not verified by Sporcle

Challenge
Share
Tweet
Embed
Score 0/23 Timer 04:00
0 Plays Today
% Correct
Michael Dawson
94.7%
The Man in Black
91.7%
Benjamin Linus
91.5%
Benjamin Linus
89.5%
Ana-Lucia Cortez
89%
Benjamin Linus or The Man in Black
87.8%
Charlie Pace
86.2%
James 'Sawyer' Ford
81.6%
John Locke
80.9%
Benjamin Linus
76.9%
Jack Shephard
74.7%
Eloise Hawking
71%
% Correct
James 'Sawyer' Ford
66.6%
Benjamin Linus
65.1%
Mikhail Bakunin
61.2%
Mikhail Bakunin
40.8%
Juliet Burke
38.7%
The Man in Black
35.8%
Ana-Lucia Cortez
18.3%
Martin Keamy
18.2%
Martin Keamy or Benjamin Linus
13.4%
Sun Hwa Kwon
12.7%
The Man in Black
10.2%

You're not logged in!

Compare scores with friends on all Sporcle quizzes.
Join for Free
OR
Log In

You Might Also Like...

Show Comments

Extras

Top Quizzes Today


Score Distribution

Your Account Isn't Verified!

In order to create a playlist on Sporcle, you need to verify the email address you used during registration. Go to your Sporcle Settings to finish the process.

Report this User

Report this user for behavior that violates our Community Guidelines.

Details: